Statistics for Largest Lakes in the United States on a Map

Click here to take the quiz!

General Stats

  • This quiz has been taken 6,243 times
    (6,119 since last reset)
  • The average score is 9 of 32

Answer Stats

Area Lake % Correct
22,300Lake Michigan
93%
31,700Lake Superior
91%
9,910Lake Erie
91%
23,000Lake Huron
85%
7,340Lake Ontario
84%
2,117Great Salt Lake
79%
191Lake Tahoe
63%
490Lake Champlain
37%
631Lake Pontchartrain
36%
662Lake Okeechobee
36%
247Lake Mead
30%
347Salton Sea
23%
1,679Lake of the Woods
22%
251Lake Powell
17%
440Lake Saint Clair
16%
427Red Lake
14%
215Lake Winnebago
12%
250Kentucky Lake
10%
192Flathead Lake
9%
207Mille Lacs Lake
8%
183Pyramid Lake
8%
300Devil's Lake
8%
345Rainy Lake
8%
284Toledo Bend Reservoir
7%
393Fort Peck Lake
7%
520Lake Sakakawea
7%
685Lake Oahe
7%
1,014Iliamna Lake
5%
242Naknek Lake
4%
453Becharof Lake
4%
404Selawik Lake
4%
320Teshekpuk Lake
3%

Score Distribution

Percentile by Number Answered

Percent of People with Each Score

Your Score History

You have not taken this quiz since the last reset